000 00848nam a2200241 a 4500
001 74262
003 BD-RjUL
005 20211209082527.0
008 180422s2017 bg a|||| b||| 000 0cben d
020 _a9789848798089
_cTk.575.00
035 _a(BD-RjUL)74480
040 _aBD-RjUL
_beng
_cBD-RjUL
041 _aben
082 _223
_a370.922
_bMUA 2017
100 1 _aমুরশিদ, গোলাম
_9221219
245 1 0 _aআলো্কিত মুখচ্ছবি /
_c গোলাম মুরশিদ,
260 _aঢাকা :
_bঅবসর ,
_c২০১৭
300 _a২৮৭ পৃ. :
_bছবি ;
_c২২ সেমি.
504 _aগ্রন্থপঞ্জি সংযোজিত
650 _aশিক্ষাবিদ
_vজীবনী
_9221220
650 _aEducators
_vBiography
_9221221
942 _2ddc
_cBK
999 _c74262
_d74262